The warplane and how it works /

Bibliographic Details
Main Author: Leyson, Burr Watkins, 1898-
Format: Book
Language:English
Published: New York : E. P. Dutton & co., inc., 1943.
Subjects:

MARC

Tag First Indicator Second Indicator Subfields
LEADER 00000cam a2200000 4500
001 in00000098972
005 20150926125547.0
008 750812s1943 eng u
010 |a  43010774  
035 |a (OCoLC)01538946 
035 |9 AAL3653AM 
040 |c IQU  |d TXA  |d UtOrBLW 
049 |a TXAM  |c 1 [373470]  |c 2 [484690] 
050 0 0 |a TL685.3  |b .L46 
082 0 |a 623.746 
100 1 |a Leyson, Burr Watkins,  |d 1898- 
245 1 4 |a The warplane and how it works /  |c by Captain Burr W. Leyson ... 
264 1 |a New York :  |b E. P. Dutton & co., inc.,  |c 1943. 
300 |a 224 pages :  |b illustrations, diagrams ;  |c 21 cm. 
336 |a text  |b txt  |2 rdacontent 
337 |a unmediated  |b n  |2 rdamedia 
338 |a volume  |b nc  |2 rdacarrier 
500 |a "First edition." 
650 0 |a Airplanes, Military. 
999 |a MARS 
999 f f |s 47b9d474-26de-3e9c-ad41-483b6cf4056b  |i 9ee9659d-c28a-383b-805b-c110bf1b1316  |t 0 
952 f f |p ric  |a Texas A&M University  |b Rellis Campus  |c Joint Library Facility  |s JLF  |d Remote Storage  |t 0  |e TL685.3 .L46  |h Library of Congress classification  |i unmediated -- volume  |m A14805548377 
998 f f |a TL685.3 .L46  |t 0  |l Remote Storage